00287nam a2200121Ia 45000030006000000080041000060400015000471000017000622450020000792600037000995460012001360050017001480STCL150530s9999 xx 000 0 und d aSTCLcSTCL aBarker, D.A. aTheory of money bCambridge university pressc1913 aEnglish20220125165650.0